Child welfare in Tennessee. (Record no. 20478)
[ view plain ]
| 000 -LEADER | |
|---|---|
| fixed length control field | 01022cam a22002531 4500 |
| 001 - CONTROL NUMBER | |
| control field | e 21000509 |
| 003 - CONTROL NUMBER IDENTIFIER | |
| control field | DLC |
| 005 - DATE AND TIME OF LATEST TRANSACTION | |
| control field | 20260227111212.0 |
| 008 - FIXED-LENGTH DATA ELEMENTS--GENERAL INFORMATION | |
| fixed length control field | 810609s1920 tnua s000 0 eng c |
| 010 ## - LIBRARY OF CONGRESS CONTROL NUMBER | |
| LC control number | e 21000509 |
| 035 ## - SYSTEM CONTROL NUMBER | |
| System control number | (OCoLC)7489400 |
| 040 ## - CATALOGING SOURCE | |
| Original cataloging agency | Library U.S. Bur. of Education |
| Transcribing agency | TM |
| Modifying agency | TM |
| -- | OCoLC |
| -- | DLC |
| 042 ## - AUTHENTICATION CODE | |
| Authentication code | premarc |
| 043 ## - GEOGRAPHIC AREA CODE | |
| Geographic area code | n-us-tn |
| 050 00 - LIBRARY OF CONGRESS CALL NUMBER | |
| Classification number | HV742.T2 |
| Item number | N3 |
| 110 2# - MAIN ENTRY--CORPORATE NAME | |
| Corporate name or jurisdiction name as entry element | National Child Labor Committee (U.S.) |
| 245 00 - TITLE STATEMENT | |
| Title | Child welfare in Tennessee. |
| Remainder of title | An inquiry by the National child labor committee for the Tennessee child welfare commission. |
| Statement of responsibility, etc. | Under the direction of Edward N. Clopper ... |
| 260 ## - PUBLICATION, DISTRIBUTION, ETC. | |
| Place of publication, distribution, etc. | [Nashville, |
| Name of publisher, distributor, etc. | Printing department, Tennessee industrial school, |
| Date of publication, distribution, etc. | 1920] |
| 300 ## - PHYSICAL DESCRIPTION | |
| Extent | 616 p. |
| Other physical details | tables. |
| Dimensions | 23 cm. |
| 500 ## - GENERAL NOTE | |
| General note | On cover: Published by State of Tennessee Dept. of public instruction, Albert Williams, supt., 1920. |
| 700 1# - ADDED ENTRY--PERSONAL NAME | |
| Personal name | Clopper, Edward Nicholas, |
| Dates associated with a name | 1879-1953. |
| 710 1# - ADDED ENTRY--CORPORATE NAME | |
| Corporate name or jurisdiction name as entry element | Tennessee. |
| Subordinate unit | Department of Education. |
| 710 2# - ADDED ENTRY--CORPORATE NAME | |
| Corporate name or jurisdiction name as entry element | Tennessee Child Welfare Commission. |
No items available.